Pokémon Gen 1 Items - Statistics

General Stats
  • This quiz has been taken 57 times
    14 since last reset
  • The average score is 44 of 71
Answer Stats
Description Location Item % Correct
Restores 20 HP Buyable in Mart Potion
100%
Cures Poison Buyable in Mart Antidote
91%
Evolves certain Fire Pokémon Celadon Mart Fire Stone
91%
Evolves certain Grass Pokémon Celadon Mart Leaf Stone
91%
Restores 50HP Buyable in Mart Super Potion
91%
Cures Sleep Buyable in Mart Awakening
82%
Cure any Status condition and all HP Buyable in Mart Full Restore
82%
Restores 200 HP Buyable in Mart Hyper Potion
82%
Catches Pokémon without fail Silph Co. President Master Ball
82%
Sell for 5000 Found in World Nugget
82%
Raises Pokémon's level by 1 Found in World Rare Candy
82%
Prevents Wild Pokémon from attacking for 100 steps Buyable in Mart Repel
82%
Revive fainted Pokémon with 1/2 HP Buyable in Mart Revive
82%
Prevents wild Pokémon from attacking for 200 steps Buyable in Mart Super Repel
82%
Evolve certain Electric Types Celadon Mart Thunder Stone
82%
Heals Burn Buyable in Mart Burn Heal
73%
Restores 10 PP to all moves Found in World Elixir
73%
Escape from a Gym or Cave Buyable in Mart Escape Rope
73%
Restore 10 PP to one move Found in World Ether
73%
A more effective Pokeball Buyable in Mart Great Ball
73%
Restore all Pokémon HP Buyable in Mart Max Potion
73%
Prevents wild Pokémon from attacking for 250 steps Buyable in Mart Max Repel
73%
Revives Pokémon with all HP Found in World Max Revive
73%
Evolves some Pokémon like Clefairy Found in World Moon Stone
73%
Device for capturing Pokémon Buyable in Mart Poke Ball
73%
Fish for High leveled Pokémon Rt. 12 Super Rod
73%
Best buyable ball for capturing Pokémon Buyable in Mart Ultra Ball
73%
Evolves some Water Pokémon Celadon Mart Water Stone
73%
Temporarily boost Pokémon Attack Celadon Mart X Attack
73%
Travel Faster on wheels! Cerulean with Voucher Bicycle
64%
Used to play games at Game Corner Game Corner desk Coin
64%
Cure any Status condition Buyable in Mart Full Heal
64%
Lost by Safari Warden, uses them to speak Safari Zone Area 3 Gold Teeth
64%
Can be revived into an Omanyte Mt. Moon Helix Fossil
64%
Defrosts frozen Pokémon Buyable in Mart Ice Heal
64%
Drink that restores 80HP Celadon Mart Roof Lemonade
64%
Heals Paralysis Buyable in Mart Paralyze Heal
64%
Raises Moves PP by 1 for every 5 PP it has Found in World PP UP
64%
Only Ball usable in the Safari Zone Safari Zone Safari Ball
64%
Identifies Ghosts in Pokémon Tower Rocket Game Corner Silph Scope
64%
Temporarily boost Pokémon Accuracy Celadon Mart X Accuracy
64%
Temporarily boost Pokémon Special Celadon Mart X Special
64%
Temporarily boost Pokémon Speed Celadon Mart X Speed
64%
Get a Free item at Cerulean shop Vermillion Pokemon Fan Club Bike Voucher
55%
Raise Pokémon Speed Permanently Celadon Mart Carbos
55%
Holds Coins Celadon building Coin Case
55%
Can be revived into a Kabuto Mt. Moon Dome Fossil
55%
Drink that restores 50HP Celadon Mart Roof Fresh Water
55%
Used to Fish Medium leveled Pokémon Fushcia City Good Rod
55%
Raises Pokémon HP permanently Celadon Mart HP UP
55%
Restore all of Pokémons PP Found in World Max Elixir
55%
Restore all PP of one move Found in World Max Ether
55%
Can be Revived into Aerodactyl Pewter City Museum Old Amber
55%
Fish for low leveled Pokémon like Magikarp Vermillion City Old Rod
55%
Temporarily boost Pokémon Defense Celadon Mart X Defend
55%
Raise Pokémon Special Permanently Celadon Mart Calcium
45%
Shares Experience Points Rt. 15 Exp. All
45%
Raises Pokémon Defense permanently Celadon Mart Iron
45%
Allows player to run from wild battle, trade for Mimic TM Celadon Mart Pokedoll
45%
Wakes up Sleeping Pokémon Given by Mr. Fuji Pokeflute
45%
Raises Pokémon Attack Permanently Celadon Mart Protein
45%
Used to Board S.S. Anne in Vermillion City Bill's Cottage S.S. Ticket
45%
Shows where you are and the region Rivals sister Daisy Town Map
45%
Finds Hidden items Rt. 11 Item Finder
36%
Allows player to go to B4F in Rocket Hideout Elevator Game Corner Lift Key
36%
Deliver to Viridian Pokemart for Prof. Oak Given by Prof. Oak Oak's Parcel
36%
Drink that restores 60HP Celadon Mart Roof Soda Pop
36%
Unlocks doors in Silph Co. Silph Co. 5th Floor Card Key
27%
Temporarily raises Critical Hit Ratio Celadon Mart Dire Hit
27%
Temporarily prevents Stat reductions Celadon Mart Guard Spec.
18%
Unlocks Cinnabar Island Gym Pokémon Mansion Secret Key
18%
No matching quizzes found
Score Distribution
Percent of People with Each Score
Percentile by Number Answered
Your Score History
You have not taken this quiz since the last reset